000 01653cam a22004817a 4500
001 000091130
003 CHAP
005 20220329142754.0
008 010920d2003 mx r 000 0 spa d
010 _a87599
011 _a88571
035 _a99116
040 _cCHAP
090 _aTesis
100 0 0 _aChamorro Mata, Juan Carlos.
_921787
245 1 0 _aDifusión de estufas Lorena en Tlaquilpa, Ver. /
_c/por Juan Carlos Chamorro Mata.
260 _aChapingo, Méx. :
_bEl autor,
_c2003.
300 _a98 p. :
_bilus.
502 _aTesis (Ing. en Agroecología) -- UACH. Departamento de Agroecología
530 _aTambién disponible en línea
590 _aALEPH
_b10
_c20130110
_lUCH01
_h1455
590 _aBATCH-UPD
_b10
_c20130110
_lUCH01
_h0707
590 _aBATCH-UPD
_b10
_c20130410
_lUCH01
_h0352
590 _aBATCH-UPD
_b10
_c20130913
_lUCH01
_h2211
590 _aBATCH-UPD
_b10
_c20140324
_lUCH01
_h1440
590 _aBATCH-UPD
_b10
_c20141002
_lUCH01
_h0819
590 _aBATCH
_b00
_c20181121
_lUCH01
_h0759
590 _aCONVERSION
_b10
_c20130109
_lUCH01
_h1349
590 _aE11695DGD
_b10
_c20160805
_lUCH01
_h1113
650 1 4 _aAgroforestería
_zVeracruz.
_92181
650 1 4 _aBosques
_zVeracruz.
_914423
650 1 4 _aDesarrollo rural.
_932067
650 1 4 _aLeña.
_966051
650 1 4 _aLeña
_xConsumo.
_966052
856 _3Finding aid
_uhttp://10.13.5.2/tesis/99116.pdf
_zTeclea aqui
856 _a1
_n0001550
901 _aBK
905 _aAlejandra Carrasco M.
942 _cFOLL
942 _n0
949 _aTesis
_bBC
_cTES
_d33724000898169
_eTS2
_fc.2
_h41298
_i99116
_si
949 _aTesis
_bBC
_cTES
_d991161
_eTS1
_h41297
_i99116
_sb
999 _c87599
_d87599